000 00757cam a22001934a 4500
005 20250605164131.0
008 250528s ||||||||||||||||||||||||d
035 _a18653
020 _a1859840108
040 _aGR-AtMCL
_bgre
_dGR-AtMCL
_eAACR2
245 1 _aWomen's Pictures / Feminism and Cinema
260 _bVerso,
_c1994
300 _a290
520 _aAn introduction to feminist interventions and debates around film. Preface, Acknowledgements, Introduction, Dominant Cinema, Rereading Dominant Cinema: Feminism and Film Theory, Replacing Dominant Cinema: Feminism and Film Practice, Postscript, Film Details, Notes, Glossary, Bibliography, Index.
700 1 _aKuhn Annette
_94917
942 _cBK
999 _c3998
_d3998